000 00455nam a2200169Ia 4500
003 OSt
005 20260323153504.0
008 211028s2019 xx 000 0 und d
040 _cAIMIT LIBRARY
041 _aeng
100 _aSawant, Devdatt; Suvaris, Roshan.
_g161769
_95416
110 _aManimozhi R
_95417
245 _aIOT remote monitoring /
260 _aBengaluru
_c2019
710 _aUnisoft Global Services Pvt Ltd.
_95418
942 _2ddc
_cPRO
999 _c217898
_d217898